00561nam a2200157Ia 450000500170000000800410001708200200005810000220007824500790010026000380017930000160021750000530023394200060028695200960029299900150038820250320054350.0240331s9999 xx 000 0 und d a302.2bSIV2963 aSivakumaran, K. S 0aAspects of Culture in Shri Lanka: bIn Conversation with K. S. Sivakumaran aColombo,bK. S. Sivakumaranc1992 axi, 119 p., aInterviews conducted on the culture of Sri Lanka cL 001040708LaWERCLbWERCLcSSCd2024-03-31l0o 302.2 SIVp963r2024-03-31w2024-03-31yL c1082d1082